Draw the Borders of Europe - Statistics

General Stats
  • This quiz has been taken 10,316 times
  • The average score is 76 of 87
Answers on the Map
Answers color-coded by a green-red scale on the quiz's map according to % correct below.
 
Answer Stats
Answer % Correct
Norway - Sweden
95%
Germany - France
94%
Germany - Poland
94%
Spain - France
94%
Finland - Russia
93%
Finland - Sweden
93%
France - Italy
93%
Russia - Ukraine
93%
Spain - Portugal
93%
Austria - Germany
92%
Belgium - France
92%
Estonia - Russia
92%
Germany - Denmark
92%
Ireland - United Kingdom
92%
Switzerland - France
92%
Switzerland - Italy
92%
Austria - Italy
91%
Belarus - Poland
91%
Belarus - Russia
91%
Belgium - Germany
91%
Belgium - Netherlands
91%
Estonia - Latvia
91%
Germany - Netherlands
91%
Latvia - Russia
91%
Switzerland - Germany
91%
Austria - Switzerland
90%
Belarus - Ukraine
90%
Lithuania - Latvia
90%
Lithuania - Poland
90%
Poland - Ukraine
90%
Albania - Greece
89%
Austria - Hungary
89%
Belarus - Lithuania
89%
Bosnia and Herzegovina - Croatia
89%
Czechia - Germany
89%
France - Luxembourg
89%
Italy - Slovenia
89%
Romania - Ukraine
89%
Andorra - Spain
88%
Austria - Czechia
88%
Belarus - Latvia
88%
Bulgaria - Greece
88%
Bulgaria - Romania
88%
Czechia - Poland
88%
Czechia - Slovakia
88%
Greece - North Macedonia
88%
Lithuania - Russia
88%
Poland - Slovakia
88%
Andorra - France
87%
Austria - Slovakia
87%
Austria - Slovenia
87%
Belgium - Luxembourg
87%
Bosnia and Herzegovina - Serbia
87%
Croatia - Slovenia
87%
Finland - Norway
87%
Hungary - Romania
87%
Hungary - Ukraine
87%
Italy - Vatican City
87%
Moldova - Ukraine
87%
Slovakia - Ukraine
87%
Croatia - Hungary
86%
Croatia - Serbia
86%
Germany - Luxembourg
86%
Hungary - Slovakia
86%
Italy - San Marino
86%
Moldova - Romania
86%
Romania - Serbia
86%
Albania - Kosovo
85%
Albania - Montenegro
85%
Albania - North Macedonia
85%
Bulgaria - Serbia
85%
Hungary - Serbia
85%
Poland - Russia
85%
Serbia - Kosovo
85%
Switzerland - Liechtenstein
85%
Bosnia and Herzegovina - Montenegro
84%
Bulgaria - North Macedonia
84%
Hungary - Slovenia
84%
Montenegro - Serbia
84%
North Macedonia - Serbia
84%
France - Monaco
83%
Montenegro - Kosovo
83%
North Macedonia - Kosovo
83%
Austria - Liechtenstein
82%
Norway - Russia
74%
Montenegro - Croatia
60%
Spain - United Kingdom
50%
No matching quizzes found
Score Distribution
Percent of People with Each Score
Percentile by Number Answered
Your Score History
You have not taken this quiz